Η πολιτική της οικογένειας
Αποθηκεύτηκε σε:
| Κύριος συγγραφέας: | |
|---|---|
| Άλλοι συγγραφείς: | |
| Μορφή: | Βιβλίο |
| Γλώσσα: | Greek English |
| Δημοσίευση: |
Αθήνα :
Καστανιώτης,
1975.
|
| Σειρά: | Ψυχανάλυση και κοινωνία. Σύγχρονη ψυχιατρική βιβλιοθήκη (Καστανιώτης)
; 2 |
| Θέματα: | |
| Ετικέτες: |
Προσθήκη ετικέτας
Δεν υπάρχουν, Καταχωρήστε ετικέτα πρώτοι!
|
MARC
| LEADER | 00000cam a2200000 i 4500 | ||
|---|---|---|---|
| 001 | 1/22220 | ||
| 008 | 931007s1975 gr | ||| |||| ||gre|| | ||
| 035 | |a 1989 |b 2 |c Δωρεά |l 10036503 | ||
| 040 | |a GR-MY-UA |b gre |e aacr | ||
| 041 | 1 | |a gre |h eng | |
| 082 | 7 | |a 158.24 |2 (22) | |
| 100 | 1 | |a Laing, R. D. |q (Ronald David), |d 1927-1989. | |
| 245 | 1 | 2 | |a Η πολιτική της οικογένειας / |c R. D. Laing ; μετάφραση: Ραλλίδη Ιουλία. |
| 260 | |a Αθήνα : |b Καστανιώτης, |c 1975. | ||
| 300 | |a 151 σ. ; |c 24 εκ. | ||
| 490 | 1 | |a (Ψυχανάλυση και κοινωνία. Σύγχρονη ψυχιατρική βιβλιοθήκη / Καστανιώτης ; |v 2) | |
| 500 | |a Τίτλος πρωτοτύπου: The politics at the family | ||
| 650 | 0 | 0 | |a Family. |
| 650 | 0 | 0 | |a Domestic relations. |
| 650 | 0 | 0 | |a Interpersonal relations. |
| 700 | 1 | |a Ραλλίδη, Ιουλία Π. |e trlf | |
| 830 | 0 | |a Ψυχανάλυση και κοινωνία. |p Σύγχρονη ψυχιατρική βιβλιοθήκη (Καστανιώτης) |v ; 2 | |
| 852 | |a INST |b RHODES |e 19931007 |h 158.24 LAI |p 005400003707 |q 005400003707 |t BK |y 0 | ||
| 909 | |a Ρ |b 014632 | ||
| 970 | |z 07/10/1993 | ||